One-Syllable Book Novel Titles in Literature - Statistics

General Stats
  • This quiz has been taken 661 times
    497 since last reset
  • The average score is 5 of 15
Answer Stats
Year Author Title % Correct
1986 Stephen King {It}
86%
1965 Frank Herbert {Dune}
62%
1901 Rudyard Kipling {Kim}
55%
1808 Goethe {Faust}
52%
1974 Peter Benchley {Jaws}
41%
1958 Elie Wiesel {Night}
32%
2000 Louis Sachar {Holes}
27%
1956 Allen Ginsburg {Howl}
27%
1887 H. Rider Haggard {She}
26%
2010 Emma Donoghue {Room}
19%
1973 J.G. Ballard {Crash}
15%
1963 Thomas Pynchon {V.}
11%
2001 Chuck Palahniuk {Choke}
9%
1969 Joyce Carol Oates {them}
9%
1987 Michael Crichton {Sphere}
6%
No matching quizzes found
Score Distribution
Percent of People with Each Score
Percentile by Number Answered
Your Score History
You have not taken this quiz since the last reset